Child rights, law and development : (Record no. 88322)
[ view plain ]
| 000 -LEADER | |
|---|---|
| fixed length control field | 00625nam a22001937a 4500 |
| 005 - DATE AND TIME OF LATEST TRANSACTION | |
| control field | 20140908122737.0 |
| 010 ## - LCCN (DPL NO) | |
| LC control number | ENG-110750 |
| 020 ## - INTERNATIONAL STANDARD BOOK NUMBER | |
| International Standard Book Number | 9788183875660 |
| Terms of availability | 950.00 |
| 035 ## - SYSTEM CONTROL NUMBER | |
| System control number | EN-94282 |
| 037 ## - SOURCE OF ACQUISITION | |
| Source of stock number/acquisition | DBAD/PUB |
| 082 ## - DEWEY DECIMAL CLASSIFICATION NUMBER | |
| Classification number | 323.3520954 |
| 100 ## - MAIN ENTRY--PERSONAL NAME | |
| Personal name | Gurappa Naidu, Y. |
| 245 ## - TITLE STATEMENT | |
| Title | Child rights, law and development : |
| Statement of responsibility, etc | by Y. Gurappa Naidu |
| Remainder of title | emerging challenges / |
| 260 ## - PUBLICATION, DISTRIBUTION, ETC. (IMPRINT) | |
| Place of publication, distribution, etc | New Delhi |
| Name of publisher, distributor, etc | Serials Publications |
| Date of publication, distribution, etc | 2012 |
| 270 ## - ADDRESS | |
| Address | 4830/24, Prahlad Street, Ansari Road, Darya Ganj |
| City | New Delhi |
| Postal code | 110002 |
| 300 ## - PHYSICAL DESCRIPTION | |
| Extent | xi,243p. |
| Dimensions | 24cm(Hb) |
| 500 ## - GENERAL NOTE | |
| General note | Includes index |
| 942 ## - ADDED ENTRY ELEMENTS (KOHA) | |
| Source of classification or shelving scheme | Dewey Decimal Classification |
| Item type | English Books |
| Classification part | 323.3520954 |
| Call number suffix | GUR |
| Withdrawn status | Lost status | Not for loan | Collection code | Home library | Current library | Date acquired | Source of acquisition | Cost, normal purchase price | Full call number | Barcode | Copy number | Cost, replacement price | Koha item type |
|---|---|---|---|---|---|---|---|---|---|---|---|---|---|
| Not For Loan | Non-fiction | D.B.Act.Division | D.B.Act.Division | 05/09/2014 | DBAD / PUB | 950.00 | 323.3520954 GUR | EN-94282 | 1 | 950.00 | English Books |
